000 00290nam a2200109Ia 4500
008 230907s9999||||xx |||||||||||||| ||und||
082 _a363.1162094
_bSMI
100 _aSmith, David J.
_9115484
245 4 _aThe safety critical systems handbook :
300 _axxi, 307 pages :
942 _cBK
999 _c598527
_d598527